Additional statistics: teacher's guide (Record no. 83656)

MARC details
000 -LEADER
fixed length control field 00790nam a2200157 a 4500
008 - FIXED-LENGTH DATA ELEMENTS--GENERAL INFORMATION
fixed length control field 120416s1991 ||||||||||||||||| || u
050 ## - LIBRARY OF CONGRESS CALL NUMBER
Classification number QA 276.2 Har
100 ## - MAIN ENTRY--PERSONAL NAME
Personal name Hartley, A
245 10 - TITLE STATEMENT
Title Additional statistics: teacher's guide
260 ## - PUBLICATION, DISTRIBUTION, ETC.
Place of publication, distribution, etc. Newtown
Name of publisher, distributor, etc. Gwelfryn
Date of publication, distribution, etc. 1991
300 ## - PHYSICAL DESCRIPTION
Extent 14p.
350 ## -
-- 0.00
995 ## -
-- MAIN LIBRARY OPEN ACCESS
-- 0.00
-- 725920
-- CBU-MAIN LIBRARY (Kitwe)
-- 1
-- 0.00
-- QA 276.2 Har
-- 1
-- AVAILABLE
-- 018765
-- Main Library Open Access Collection
995 ## -
-- MAIN LIBRARY OPEN ACCESS
-- 0.00
-- 725921
-- CBU-MAIN LIBRARY (Kitwe)
-- 3
-- 0.00
-- QA 276.2 Har
-- 2
-- AVAILABLE
-- 018766
-- Main Library Open Access Collection
995 ## -
-- MAIN LIBRARY OPEN ACCESS
-- 0.00
-- 725919
-- CBU-MAIN LIBRARY (Kitwe)
-- 2
-- 0.00
-- QA 276.2 Har
-- 3
-- AVAILABLE
-- 018767
-- Main Library Open Access Collection
999 ## -
-- 83656
-- 83656
Holdings
Withdrawn status Lost status Source of classification or shelving scheme Damaged status Not for loan Permanent Location Current Location Shelving location Date acquired Total Checkouts Full call number Barcode Date last seen Copy number Price effective from Koha item type
          CBU-MAIN LIBRARY, KITWE. CBU-MAIN LIBRARY, KITWE.   01/08/2024   QA 276.2 Har 018765 01/08/2024 1 01/08/2024 MONOGRAPH
          CBU-MAIN LIBRARY, KITWE. CBU-MAIN LIBRARY, KITWE.   01/08/2024   QA 276.2 Har 018766 01/08/2024 2 01/08/2024 MONOGRAPH
          CBU-MAIN LIBRARY, KITWE. CBU-MAIN LIBRARY, KITWE.   01/08/2024   QA 276.2 Har 018767 01/08/2024 3 01/08/2024 MONOGRAPH